000 00277nam a22001337a 4500
008 181106b xxu||||| |||| 00| 0 eng d
020 _a0716705249
041 _aeng
080 _a575
100 _a9
101 _aIMU
245 _aImmunology
_cBurnet,F.M
942 _2udc
_cBK
999 _c51926
_d51926